<?xml version="1.0" encoding="UTF-8"?>
<record
    xmlns:xsi="http://www.w3.org/2001/XMLSchema-instance"
    xsi:schemaLocation="http://www.loc.gov/MARC21/slim http://www.loc.gov/standards/marcxml/schema/MARC21slim.xsd"
    xmlns="http://www.loc.gov/MARC21/slim">

  <leader>00798nam a22001817a 4500</leader>
  <controlfield tag="003">LK-CoDNM</controlfield>
  <controlfield tag="005">20250214151044.0</controlfield>
  <controlfield tag="008">250214b        |||||||| |||| 00| 0 eng d</controlfield>
  <datafield tag="040" ind1=" " ind2=" ">
    <subfield code="a">LK-CoDNM</subfield>
    <subfield code="d">LK-CoDNM</subfield>
    <subfield code="e">LK-CoDNM</subfield>
  </datafield>
  <datafield tag="041" ind1=" " ind2=" ">
    <subfield code="a">tam</subfield>
  </datafield>
  <datafield tag="080" ind1=" " ind2=" ">
    <subfield code="a">T A270</subfield>
  </datafield>
  <datafield tag="100" ind1=" " ind2=" ">
    <subfield code="a">&#xBAA;&#xBC7;&#xBB0;&#xBBE;&#xB9A;&#xBBF;&#xBB0;&#xBBF;&#xBAF;&#xBB0;&#xBCD; &#xB95;&#xBB2;&#xBBE;&#xBA8;&#xBBF;&#xBA4;&#xBBF; &#xB9A;&#xBC1;. &#xBB5;&#xBBF;&#xBA4;&#xBCD;&#xBA4;&#xBBF;&#xBAF;&#xBBE;&#xBA9;&#xBA8;&#xBCD;&#xBA4;&#xBA9;&#xBCD;</subfield>
  </datafield>
  <datafield tag="245" ind1=" " ind2=" ">
    <subfield code="a">&#xBA8;&#xBBF;&#xBA9;&#xBC8;&#xBB5;&#xBC1;&#xBAA;&#xBCD; &#xBAA;&#xBC7;&#xBB0;&#xBC1;&#xBB0;&#xBC8;- &#xBAA;&#xBC1;&#xBB2;&#xBB5;&#xBB0;&#xBCD; &#xB9A;&#xBBF;&#xBB5;&#xB99;&#xBCD; &#xB95;&#xBB0;&#xBC1;&#xBA3;&#xBBE;&#xBB2;&#xBAF; &#xBAA;&#xBBE;&#xBA3;&#xBCD;&#xB9F;&#xBBF;&#xBAF;&#xBA9;&#xBBE;&#xBB0;&#xBCD; &#xBB5;&#xBBE;&#xBB4;&#xBCD;&#xBB5;&#xBC1;&#xBAE;&#xBCD; &#xBAA;&#xBA3;&#xBBF;&#xB95;&#xBB3;&#xBC1;&#xBAE;&#xBCD;</subfield>
  </datafield>
  <datafield tag="260" ind1=" " ind2=" ">
    <subfield code="a">&#xB95;&#xBCA;&#xBB4;&#xBC1;&#xBAE;&#xBCD;&#xBAA;&#xBC1; &#xBA4;&#xBAE;&#xBBF;&#xBB4;&#xBCD;&#xB9A;&#xBCD; &#xB9A;&#xB99;&#xBCD;&#xB95;&#xBAE;&#xBCD;</subfield>
    <subfield code="c">1989</subfield>
  </datafield>
  <datafield tag="300" ind1=" " ind2=" ">
    <subfield code="a">28p : ill ; 21 cm.</subfield>
  </datafield>
  <datafield tag="650" ind1=" " ind2=" ">
    <subfield code="a">&#xBAA;&#xBC1;&#xBB2;&#xBB5;&#xBB0;&#xBCD; &#xB9A;&#xBBF;&#xBB5;&#xB99;&#xBCD; &#xBA8;&#xBBF;&#xBA9;&#xBC8;&#xBB5;&#xBC1; &#xBA8;&#xBC2;&#xBB2;&#xBCD;</subfield>
  </datafield>
  <datafield tag="942" ind1=" " ind2=" ">
    <subfield code="c">BK</subfield>
  </datafield>
  <datafield tag="952" ind1=" " ind2=" ">
    <subfield code="0">0</subfield>
    <subfield code="1">0</subfield>
    <subfield code="4">1</subfield>
    <subfield code="7">0</subfield>
    <subfield code="8">OBC</subfield>
    <subfield code="a">MAIN</subfield>
    <subfield code="b">MAIN</subfield>
    <subfield code="c">REF</subfield>
    <subfield code="d">2025-02-14</subfield>
    <subfield code="l">0</subfield>
    <subfield code="o">T A270</subfield>
    <subfield code="p">TA270</subfield>
    <subfield code="r">2025-02-14</subfield>
    <subfield code="w">2025-02-14</subfield>
    <subfield code="y">BK</subfield>
  </datafield>
  <datafield tag="999" ind1=" " ind2=" ">
    <subfield code="c">237997</subfield>
    <subfield code="d">237997</subfield>
  </datafield>
</record>
